|
|
|
|
| LEADER |
01281nam a2200337 a 4500 |
| 001 |
40476 |
| 003 |
BD-DhAAL |
| 005 |
20230306163635.0 |
| 008 |
230306t1996 dcua b i001 0 eng d |
| 010 |
|
|
|a 95039451
|
| 020 |
|
|
|a 0821335200
|
| 020 |
|
|
|a 9780821335208
|
| 040 |
|
|
|a DLC
|c DLC
|d DLC
|d BD-DhAAL
|
| 043 |
|
|
|a d------
|
| 050 |
0 |
0 |
|a HC79.C3
|b I516 1996
|
| 082 |
0 |
0 |
|a 363
|2 20
|
| 245 |
0 |
0 |
|a Infrastructure delivery :
|b private initiative and the public good /
|c edited by Ashoka Mody.
|
| 260 |
|
|
|a Washington, D.C. :
|b World Bank,
|c c1996.
|
| 300 |
|
|
|a xxxvii, 227 pages :
|b illustrations ;
|c 24 cm.
|
| 490 |
|
|
|a EDI development studies,
|x 1020-105X
|
| 504 |
|
|
|a Includes bibliographical references and index.
|
| 541 |
|
|
|a Donated By Akbar Ali Khan
|e 40476
|
| 650 |
|
0 |
|a Infrastructure (Economics)
|
| 650 |
|
0 |
|a Infrastructure (Economics)
|x Finance.
|9 50734
|
| 650 |
|
0 |
|a Infrastructure (Economics)
|z Developing countries.
|9 20635
|
| 650 |
|
0 |
|a Economics.
|
| 700 |
1 |
|
|a Mody, Ashoka.
|9 53799
|
| 852 |
|
|
|a Ayesha Abed Library
|c Akbar Ali Khan Collection
|
| 942 |
|
|
|2 ddc
|c BK
|
| 999 |
|
|
|c 45567
|d 45567
|
| 952 |
|
|
|0 0
|1 0
|2 ddc
|4 0
|6 363_000000000000000_INF
|7 1
|9 73344
|a BRACUL
|b BRACUL
|c AAKC
|d 2023-03-06
|e Donated By Akbar Ali Khan
|l 0
|o 363 INF
|p 3010040476
|r 2023-03-06
|t 1
|w 2023-03-06
|y BK
|